000
00252nam a2200109Ia 4500
008
230312s9999||||xx |||||||||||||| ||und||
082
_a
759.940
_b
ROB-J
100
_a
Robshaq:John
245
0
_a
John robshaw prints
650
_a
Architecture
942
_c
BK
999
_c
14530
_d
14530